| 000 -LEADER |
| fixed length control field |
01138nam a22001457a 4500 |
| 008 - FIXED-LENGTH DATA ELEMENTS--GENERAL INFORMATION |
| fixed length control field |
220217b ||||| |||| 00| 0 eng d |
| 100 ## - MAIN ENTRY--PERSONAL NAME |
| Personal name |
Weaver, Jeffrey |
| 245 ## - TITLE STATEMENT |
| Title |
Jobs for sale: Corruption and misallocation in hiring |
| 260 ## - PUBLICATION, DISTRIBUTION, ETC. (IMPRINT) |
| Place of publication, distribution, etc |
The American Economic Review |
| 300 ## - PHYSICAL DESCRIPTION |
| Extent |
111(10), Oct, 2021: p.3093-3122 |
| 520 ## - SUMMARY, ETC. |
| Summary, etc |
Corrupt government hiring is common in developing countries. This paper uses original data to document the operation and consequences of corrupt hiring in a health bureaucracy. Hires pay bribes averaging 17 months of salary, but contrary to conventional wisdom, their observable quality is comparable to counterfactual merit-based hires. Exploiting variation across jobs, I show that the consequences of corrupt allocations depend on the correlation between wealth and quality among applicants: service delivery outcomes are good for jobs where this was positive and poor when negative. In this setting, the correlation was typically positive, leading to relatively good performance of hires. – Reproduced
|
| 773 ## - HOST ITEM ENTRY |
| Main entry heading |
The American Economic Review |
| 906 ## - LOCAL DATA ELEMENT F, LDF (RLIN) |
| Subject DIP |
EMPLOYMENT |
| 942 ## - ADDED ENTRY ELEMENTS (KOHA) |
| Item type |
Articles |